01165nam a2200193Ia 4500001001000000003001000010008004100020040002500061041001300086100002500099245006100124250001200185260008900197300001200286500026800298501011400566520026800680650002300948L210-3904IT-CnALBA170116s9999||||xx |||||||||||||| ||und|| aIT-CnALBAcIT-CnALBA aITALIANO aREINSTADLER DRE SEB. 0aELEMENTA PHILOSOPHIAE SCOLASTICAE. THEOLOGIA NATURALIS.  a13a ed. aFRIBURGO, WIENbHERDER & C. ED. PONTc1929 [1° Ed.:1929 - Ed.Ling.Originale: 1929] a140 p.  aNOZIONI. ESISTENZA DI DIO. TEOSOFIA. ARGOMENTI SULLA ESISTENZA DI DIO. LE VIE DI S. TOMMASO. ARGOMENTI FISICI. ARGOMENTI MORALI. ATEISMO. ESSENZA ATTRIBUTI NATURA DI DIO. UNITÀ. SOSTANZA. SEMPLICITÀ. IMMORTALITÀ. VOLONTÀ ONNIPOTENZA. DIO CONSERVATORE. CON aSocietà San Paolo EM - Piazza San Paolo, 14 - 12051 ALBA (CN) (non commercial uses only) ® Copyright 2017 aNOZIONI. ESISTENZA DI DIO. TEOSOFIA. ARGOMENTI SULLA ESISTENZA DI DIO. LE VIE DI S. TOMMASO. ARGOMENTI FISICI. ARGOMENTI MORALI. ATEISMO. ESSENZA ATTRIBUTI NATURA DI DIO. UNITÀ. SOSTANZA. SEMPLICITÀ. IMMORTALITÀ. VOLONTÀ ONNIPOTENZA. DIO CONSERVATORE. CON aRELIGIONE NATURALE